Statistics for Roma All-Time Greatest XI

Click here to take the quiz!

General Stats

  • This quiz has been taken 91 times
  • The average score is 6 of 11

Answer Stats

Answer% Correct
Francesco Totti
100%
Daniele De Rossi
89%
Cafu
79%
Aldair
62%
Falcão
56%
Roberto Pruzzo
45%
Bruno Conti
42%
Sebastiano Nela
33%
Giacomo Losi
27%
Guido Masetti
25%
Agostino Di Bartlomei
10%

Score Distribution

Percentile by Number Answered

Percent of People with Each Score

Your Score History

You have not taken this quiz